Osicala/ (Registro nro. 9215)
[ vista simple ]
| 000 -LEADER | |
|---|---|
| fixed length control field | 00943nam a2200205Ia 4500 |
| 005 - FECHA Y HORA DE LA ÚLTIMA TRANSACCIÓN | |
| control field | 20230909113628.0 |
| 008 - FIXED-LENGTH DATA ELEMENTS--GENERAL INFORMATION | |
| fixed length control field | 230906s9999 xx 000 0 und d |
| 020 ## - INTERNATIONAL STANDARD BOOK NUMBER | |
| International Standard Book Number | 84-895-4000-4 |
| 040 ## - CATALOGING SOURCE | |
| Original cataloging agency | UPAN |
| Transcribing agency | Biblioteca San Vicente |
| Description conventions | RCAA2 |
| 041 ## - LANGUAGE CODE | |
| Language code of text/sound track or separate title | spa |
| 082 ## - DEWEY DECIMAL CLASSIFICATION NUMBER | |
| Classification number | 800 |
| Item number | A44o |
| año de publicación | 1985 |
| 100 ## - MAIN ENTRY--PERSONAL NAME | |
| Personal name | Allwood Paredes, Juan |
| Relator code | aut. |
| 245 #0 - TITLE STATEMENT | |
| Title | Osicala/ |
| Statement of responsibility, etc | Juan Alwood Paredes |
| 250 ## - EDITION STATEMENT | |
| Edition statement | 3° ed. |
| 260 ## - PUBLICATION, DISTRIBUTION, ETC. (IMPRINT) | |
| Place of publication, distribution, etc | El Salvador: |
| Name of publisher, distributor, etc | Offset, |
| Date of publication, distribution, etc | 1985 |
| 300 ## - PHYSICAL DESCRIPTION | |
| Extent | 278 p.; |
| Dimensions | 16 cm. |
| 505 ## - FORMATTED CONTENTS NOTE | |
| Formatted contents note | Osicala, pueblecito apartado e inocente, no conocía los abismos de la seña ni las anfractuosidades de la maldad humana; pero esta llego un malhadado día a desgarrarle las entrañas. Las paginas siguientes pretenden relatar lo que Osicala y el pueblo salvadoreño, cogidos entre dos fuegos, han visto a través de sus lagrimas y lo que mas les ha hecho sufrir durante su ya largo tormento. |
| 650 ## - SUBJECT ADDED ENTRY--TOPICAL TERM | |
| Source of heading or term | LEMB |
| General subdivision | Literatura |
| Geographic subdivision | El Salvador |
| 942 ## - ADDED ENTRY ELEMENTS (KOHA) | |
| Koha item type | Libros |
| Source of classification or shelving scheme | Dewey Decimal Classification |
| Withdrawn status | Lost status | Source of classification or shelving scheme | Damaged status | Not for loan | Collection code | Home library | Current library | Date acquired | Total Checkouts | Full call number | Barcode | Date last seen | Copy number | Price effective from | Koha item type |
|---|---|---|---|---|---|---|---|---|---|---|---|---|---|---|---|
| Dewey Decimal Classification | Colección General | Biblioteca UPAN San Vicente | Biblioteca UPAN San Vicente | 06/09/2023 | 800 A44o | 12001865 | 06/09/2023 | 01 | 06/09/2023 | Libros |